[Event "27th CRO-Cup"]
[Site "Mali Losinj"]
[Date "2018.05.17"]
[Round "2.73"]
[White "Rade, Miroslav"]
[Black "Matanovic, Luka"]
[Result "0-1"]
[WhiteElo "2411"]
[BlackElo "2189"]
[PlyCount "70"]
[EventDate "2018.05.16"]

1. e4 e5 2. Nf3 Nc6 3. Bb5 Nf6 4. d3 d6 5. d4 exd4 6. Nxd4 Bd7 7. Nc3 Be7 8.
O-O O-O 9. Re1 Nxd4 10. Qxd4 Bxb5 11. Nxb5 c6 12. Nc3 Qb6 13. Qd3 Ng4 14. Qg3
Ne5 15. b3 Bf6 16. Bb2 Qc5 17. Na4 Qxc2 18. Rac1 Qd2 19. f4 Nf3+ 20. Qxf3 Bxb2
21. Rcd1 Qc2 22. Qf1 Bd4+ 23. Rxd4 Qxa2 24. Rd3 b5 25. Nc3 Qxb3 26. Nd5 Qc4 27.
Rc1 Qxe4 28. Rxc6 a5 29. Rxd6 a4 30. Re3 Qc2 31. Rc3 Qb2 32. Qd3 Rfe8 33. h3 a3
34. Rc7 a2 35. Qf5 Qb1+ 0-1

[Event "27th CRO-Cup"]
[Site "Mali Losinj"]
[Date "2018.05.17"]
[Round "2.74"]
[White "Matanovic, Pavo"]
[Black "Ivic, Mateo"]
[Result "0-1"]
[WhiteElo "1839"]
[BlackElo "2221"]
[PlyCount "82"]
[EventDate "2018.05.16"]

1. e4 e5 2. Nf3 Nc6 3. Bb5 a6 4. Ba4 Nf6 5. O-O Be7 6. Re1 b5 7. Bb3 O-O 8. c3
d6 9. h3 Nb8 10. d4 Nbd7 11. Nbd2 Bb7 12. Bc2 Re8 13. Nf1 Bf8 14. Ng3 g6 15.
Bg5 h6 16. Bd2 c5 17. d5 c4 18. Qc1 Kh7 19. b3 cxb3 20. axb3 Rc8 21. Nf1 a5 22.
g4 Nc5 23. Qb2 Bg7 24. b4 axb4 25. Qxb4 Qd7 26. Ng3 Ra8 27. Be3 Rec8 28. Nxe5
Rxa1 29. Rxa1 Nxd5 30. Nxd7 Nxb4 31. cxb4 Nxd7 32. Ra7 Bc6 33. Bb3 Kg8 34. Bd2
Bd4 35. Ra6 Ne5 36. Kg2 Kg7 37. Ne2 Bxe4+ 38. Kg3 Nf3 39. Be3 Be5+ 40. Bf4 Nd2
41. Bxf7 Nf1+ 0-1

[Event "27th CRO-Cup"]
[Site "Mali Losinj"]
[Date "2018.05.17"]
[Round "2.81"]
[White "Fercec, Nenad"]
[Black "Zelic, Zdravko"]
[Result "1/2-1/2"]
[WhiteElo "2451"]
[BlackElo "2343"]
[PlyCount "92"]
[EventDate "2018.05.16"]

1. e4 e5 2. Nf3 Nc6 3. Bb5 a6 4. Ba4 Nf6 5. d3 d6 6. c4 g6 7. d4 exd4 8. Nxd4
Bd7 9. Nxc6 Bxc6 10. Bxc6+ bxc6 11. O-O Bg7 12. Nc3 O-O 13. Bg5 Qb8 14. b3 Re8
15. Re1 a5 16. Rc1 Nd7 17. Na4 c5 18. Bd2 Nb6 19. Nc3 a4 20. Nxa4 Nxa4 21. bxa4
Qb2 22. a5 Qxa2 23. Re2 Qa3 24. Re3 Qb2 25. Rb1 Qa2 26. Qc1 Rab8 27. Rb5 Rxb5
28. cxb5 Bh6 29. Re2 Bxd2 30. Qxd2 Qb1+ 31. Re1 Qxb5 32. f3 Ra8 33. Ra1 Qb4 34.
Qa2 Ra6 35. h4 h5 36. Kh2 Kf8 37. Kh3 c4 38. Rb1 Rxa5 39. Qc2 Qc5 40. Rb8+ Ke7
41. Qc1 Qe5 42. Qh6 Qe6+ 43. Kg3 Kd7 44. Qf8 Qe7 45. Qc8+ Kc6 46. Qb7+ Kd7
1/2-1/2

[Event "27th CRO-Cup"]
[Site "Mali Losinj"]
[Date "2018.05.17"]
[Round "2.82"]
[White "Zelic, Branko"]
[Black "Zufic, Miroslav"]
[Result "0-1"]
[WhiteElo "2242"]
[BlackElo "2374"]
[PlyCount "120"]
[EventDate "2018.05.16"]

1. d4 Nf6 2. Nf3 c5 3. e3 d5 4. c4 dxc4 5. Bxc4 e6 6. O-O a6 7. a4 Nc6 8. Nc3
Be7 9. b3 O-O 10. Bb2 cxd4 11. exd4 Nb4 12. Re1 Nbd5 13. Ne5 Bb4 14. Qf3 Bd7
15. Rec1 Bc6 16. Nxc6 bxc6 17. Ne4 a5 18. Bd3 Rc8 19. Rc4 Be7 20. Rac1 Nb4 21.
Bb1 Nfd5 22. Qh3 g6 23. Qf3 Bg5 24. Nxg5 Qxg5 25. Rd1 Qf6 26. Qe4 Rfe8 27. Rc5
Ra8 28. g3 Ra7 29. Kg2 Qd8 30. Re1 Rae7 31. h4 Qc7 32. h5 f5 33. Qh4 gxh5 34.
Qxh5 Rf8 35. Re5 Rg7 36. Bc1 Nf6 37. Qe2 Nd7 38. Bh6 Nxc5 39. dxc5 Nd5 40. Bxg7
Qxg7 41. Kf1 Nc3 42. Qe3 Nxb1 43. Rxe6 Nc3 44. Rxc6 Ne4 45. Qd3 Qb2 46. Qe3 Qe5
47. Qh6 Nxc5 48. Qc1 Ne4 49. Qc4+ Kh8 50. Qe2 f4 51. Rc4 Nxg3+ 52. fxg3 fxg3+
53. Ke1 Qa1+ 54. Kd2 Rf2 55. Rc8+ Kg7 56. Rc7+ Kg6 57. Rc6+ Qf6 58. Rxf6+ Kxf6
59. b4 Rxe2+ 60. Kxe2 g2 0-1

[Event "27th CRO-Cup"]
[Site "Mali Losinj"]
[Date "2018.05.17"]
[Round "2.83"]
[White "Krsnik Cohar, Ivan Vihor"]
[Black "Kurecic, Mladen"]
[Result "1-0"]
[WhiteElo "2321"]
[BlackElo "2042"]
[PlyCount "58"]
[EventDate "2018.05.16"]

1. c4 c6 2. g3 d5 3. d4 Nf6 4. Bg2 g6 5. Nf3 Bg7 6. Nc3 O-O 7. O-O Re8 8. Ne5
dxc4 9. Nxc4 Nd5 10. e4 Nb6 11. Nxb6 Qxb6 12. d5 e6 13. Re1 Qd4 14. Qc2 exd5
15. Be3 Qb4 16. a3 Qa5 17. exd5 Bd7 18. Bd2 Qd8 19. Rxe8+ Bxe8 20. Re1 Bd7 21.
Ne4 cxd5 22. Bg5 Qb6 23. Nc3 Nc6 24. Nxd5 Qxb2 25. Qxb2 Bxb2 26. Rb1 Bd4 27.
Rxb7 Be6 28. Nc7 Rc8 29. Bxc6 Bg4 1-0

[Event "27th CRO-Cup"]
[Site "Mali Losinj"]
[Date "2018.05.17"]
[Round "2.84"]
[White "Tretinjak, Dario"]
[Black "Franic, Milan"]
[Result "0-1"]
[WhiteElo "1886"]
[BlackElo "2374"]
[PlyCount "104"]
[EventDate "2018.05.16"]

1. d4 e6 2. c4 Bb4+ 3. Nd2 f5 4. Ngf3 Nf6 5. e3 b6 6. g3 Bb7 7. Bg2 a5 8. O-O
O-O 9. b3 Qe8 10. Bb2 Ra7 11. Rc1 a4 12. a3 Bxd2 13. Nxd2 Bxg2 14. Kxg2 axb3
15. Qxb3 Nc6 16. Qc3 Ne7 17. f3 d5 18. c5 b5 19. Qd3 c6 20. Nb1 g5 21. h3 h5
22. Nc3 g4 23. fxg4 Qg6 24. Qc2 fxg4 25. Qxg6+ Nxg6 26. h4 Raf7 27. Rce1 Ne4
28. Nxe4 Rxf1 29. Rxf1 dxe4 30. Rxf8+ Kxf8 31. Kf2 Kf7 32. Ke2 Ne7 33. Bc3 Nd5
34. Kd2 e5 35. dxe5 Ke6 36. Bd4 Ne7 37. Ke2 Nf5 38. Kf2 Kd5 39. Kg2 Ng7 40. Kf2
Ne6 41. Ke2 Nxc5 42. Bxc5 Kxc5 43. Kd2 Kd5 44. Kc3 c5 45. Kb3 Kxe5 46. Kc3 Kd5
47. Kb3 Kc6 48. Kc3 Kb6 49. Kb2 Ka5 50. Kb3 c4+ 51. Kc3 Ka4 52. Kb2 c3+ 0-1

[Event "27th CRO-Cup"]
[Site "Mali Losinj"]
[Date "2018.05.17"]
[Round "2.91"]
[White "Feletar, Darko"]
[Black "Grgurevic, Boris"]
[Result "1-0"]
[WhiteElo "2365"]
[BlackElo "2159"]
[PlyCount "129"]
[EventDate "2018.05.16"]

1. d4 b6 2. e4 Bb7 3. Bd3 e6 4. Nf3 c5 5. c3 Nf6 6. Qe2 cxd4 7. cxd4 Nc6 8. a3
Be7 9. Nbd2 O-O 10. O-O d5 11. e5 Nh5 12. Nb3 g6 13. Bh6 Re8 14. Qe3 f5 15.
Rac1 Qd7 16. h3 Nd8 17. g4 Ng7 18. Bg5 Nf7 19. Bf6 Rec8 20. gxf5 gxf5 21. Bxg7
Kxg7 22. Bxf5 exf5 23. e6 Qe8 24. exf7 Qxf7 25. Kh1 Kh8 26. Rg1 Bd6 27. Ne5 Qf6
28. Ng6+ Kg7 29. Ne7+ Kf7 30. Nxc8 Rxc8 31. Rxc8 Bxc8 32. f4 Qh4 33. Rf1 Ba6
34. Rf3 Bb5 35. Nc1 Kf6 36. Kg2 Ba4 37. b3 Bb5 38. a4 Ba6 39. Qe8 Qh6 40. Qd8+
Kf7 41. Qd7+ Kf8 42. Qxf5+ Ke8 43. Qg5 Qe6 44. Kf2 Qf7 45. f5 Kd7 46. Nd3 Bxd3
47. Rxd3 Be7 48. Qg4 Bf6 49. Re3 Qf8 50. Rd3 Qd6 51. Kg2 Qe7 52. Qf3 Kd6 53.
Re3 Qg7+ 54. Kf1 Bxd4 55. Re6+ Kc5 56. Qg2 Qb7 57. Qe2 a5 58. Qd3 Qd7 59. Ke2
Bg7 60. Qb5+ Qxb5+ 61. axb5 Kxb5 62. f6 Bf8 63. f7 Kc5 64. Kd3 b5 65. Re8 1-0

[Event "27th CRO-Cup"]
[Site "Mali Losinj"]
[Date "2018.05.17"]
[Round "2.92"]
[White "Tesla, Miro"]
[Black "Vitic, Ivan"]
[Result "0-1"]
[WhiteElo "2137"]
[BlackElo "2275"]
[PlyCount "64"]
[EventDate "2018.05.16"]

1. d4 Nf6 2. c4 g6 3. Nc3 Bg7 4. Nf3 O-O 5. Bf4 d6 6. e3 Nc6 7. Be2 Nd7 8. O-O
e5 9. Bg3 h6 10. d5 Ne7 11. Rc1 f5 12. h3 g5 13. b4 b6 14. Qb3 Kh8 15. Rfd1 Ng8
16. Na4 Ba6 17. Qc2 Qe8 18. c5 Bxe2 19. Qxe2 Nxc5 20. Nxc5 bxc5 21. bxc5 Nf6
22. cxd6 cxd6 23. Rc6 Nxd5 24. Rxd6 Nc3 25. Qa6 Nxd1 26. Rxh6+ Kg8 27. Rg6 f4
28. Rxg5 fxg3 29. Rxg3 Qf7 30. Ng5 Qxf2+ 31. Kh2 Nxe3 32. Qd3 Nf1+ 0-1

[Event "27th CRO-Cup"]
[Site "Mali Losinj"]
[Date "2018.05.17"]
[Round "2.93"]
[White "Susnjar, Miroslav"]
[Black "Dobrovic, Ante"]
[Result "1-0"]
[WhiteElo "2154"]
[BlackElo "2087"]
[PlyCount "109"]
[EventDate "2018.05.16"]

1. d4 Nf6 2. Nf3 c5 3. d5 d6 4. Nc3 g6 5. e4 Bg7 6. Be2 O-O 7. O-O Re8 8. Bf4
Nbd7 9. h3 a6 10. a4 Qa5 11. Nd2 h6 12. Nc4 Qd8 13. Bf3 Nh7 14. Qd2 g5 15. Bg3
Ne5 16. Bxe5 Bxe5 17. Nxe5 dxe5 18. a5 Bd7 19. Na4 Bxa4 20. Rxa4 Qd6 21. Rfa1
Nf6 22. R1a3 e6 23. c4 Reb8 24. h4 Nh7 25. Bd1 b5 26. axb6 Rxb6 27. b3 f5 28.
hxg5 Nxg5 29. exf5 exf5 30. Ra5 f4 31. R3a4 Qg6 32. Rxc5 f3 33. g3 Qh5 34. Qe1
e4 35. Rc6 Rxc6 36. dxc6 Nh3+ 37. Kf1 Nf4 38. Kg1 Nh3+ 39. Kf1 Nf4 40. Kg1 Qh3
41. Qf1 Qg4 42. c7 Ra7 43. c5 Nh3+ 44. Kh2 Ng5 45. Rxe4 Nxe4 46. Bxf3 Qd7 47.
Bxe4 Qxc7 48. Qc4+ Kf8 49. Qd4 Qf7 50. c6 a5 51. Kg2 h5 52. Bf3 h4 53. Qxh4
Qxb3 54. Qd8+ Kg7 55. c7 1-0

[Event "27th CRO-Cup"]
[Site "Mali Losinj"]
[Date "2018.05.17"]
[Round "2.94"]
[White "Klisanin, Dragan-Mirko"]
[Black "Drmic, Bozo"]
[Result "1-0"]
[WhiteElo "1922"]
[BlackElo "2028"]
[PlyCount "101"]
[EventDate "2018.05.16"]

1. c4 Nf6 2. d4 g6 3. Nc3 Bg7 4. e4 d6 5. f3 O-O 6. Be3 b6 7. Nge2 c5 8. g3 Nc6
9. Bg2 cxd4 10. Nxd4 Ne5 11. b3 Bb7 12. O-O Rc8 13. Rc1 a6 14. Qd2 Re8 15. Rfd1
Nfd7 16. Bh3 Rb8 17. f4 Nc6 18. Bg2 Nc5 19. Nxc6 Bxc6 20. Bd4 Qc8 21. Bxg7 Kxg7
22. b4 Nd7 23. Qd4+ Kg8 24. Nd5 Qb7 25. e5 dxe5 26. fxe5 e6 27. Ne3 Bxg2 28.
Qxd7 Bc6 29. Qxb7 Rxb7 30. Rd6 Rc8 31. b5 Bxb5 32. Rcd1 Ba4 33. R1d4 Be8 34. g4
g5 35. Kf2 Kf8 36. h4 h6 37. hxg5 hxg5 38. Nf1 Ke7 39. Nd2 Rd7 40. Ne4 Rxd6 41.
exd6+ Kd8 42. Nxg5 e5 43. Rd2 Rxc4 44. d7 Rf4+ 45. Ke3 Bxd7 46. Nf3 f6 47. g5
f5 48. Rxd7+ Kxd7 49. Nxe5+ Ke6 50. Kxf4 b5 51. Nc6 1-0

[Event "27th CRO-Cup"]
[Site "Mali Losinj"]
[Date "2018.05.17"]
[Round "2.101"]
[White "Popovic, Bozidar"]
[Black "Tirkajla, Boris"]
[Result "1/2-1/2"]
[WhiteElo "2231"]
[BlackElo "2078"]
[PlyCount "26"]
[EventDate "2018.05.16"]

1. d4 f5 2. Nc3 Nf6 3. Bg5 d5 4. Bxf6 exf6 5. e3 Be6 6. g3 c6 7. Nge2 Bd6 8.
Bh3 g6 9. Nf4 Bxf4 10. exf4 Qd6 11. O-O Nd7 12. Re1 O-O-O 13. Qd3 h5 1/2-1/2

[Event "27th CRO-Cup"]
[Site "Mali Losinj"]
[Date "2018.05.17"]
[Round "2.102"]
[White "Okrugic, Tomislav"]
[Black "Basrak, Srdjan"]
[Result "0-1"]
[WhiteElo "1923"]
[BlackElo "2245"]
[PlyCount "56"]
[EventDate "2018.05.16"]

1. e4 d6 2. Nc3 g6 3. g3 Bg7 4. Bg2 Nf6 5. f4 e5 6. Nf3 Nc6 7. d3 Bg4 8. Ne2
Qd7 9. h3 Bxf3 10. Bxf3 h5 11. c3 d5 12. Be3 O-O-O 13. Qd2 Rhe8 14. exd5 Nxd5
15. O-O-O Bh6 16. Bxd5 Qxd5 17. Kb1 exf4 18. Nxf4 Qf3 19. Rhe1 Qxg3 20. Nxh5
Bxe3 21. Nxg3 Bxd2 22. Rxe8 Rxe8 23. Rxd2 Re3 24. Ne4 Rxh3 25. d4 f5 26. Ng5
Rg3 27. Ne6 Nd8 28. Nf8 f4 0-1

[Event "27th CRO-Cup"]
[Site "Mali Losinj"]
[Date "2018.05.17"]
[Round "2.103"]
[White "Huis, Dinko"]
[Black "Grego, Ludvig"]
[Result "1-0"]
[WhiteElo "2158"]
[BlackElo "1892"]
[PlyCount "53"]
[EventDate "2018.05.16"]

1. d4 Nf6 2. c4 g6 3. Nc3 d5 4. cxd5 Nxd5 5. e4 Nxc3 6. bxc3 Bg7 7. Be3 O-O 8.
Rc1 c5 9. Nf3 cxd4 10. cxd4 Qa5+ 11. Qd2 Qxd2+ 12. Bxd2 Nc6 13. d5 Nd4 14. Nxd4
Bxd4 15. Bb4 Bf6 16. f4 Rd8 17. e5 Bg7 18. Bc4 e6 19. Be7 Re8 20. d6 Bd7 21.
O-O Rec8 22. Be2 Rab8 23. Bf3 b6 24. Rc7 Rxc7 25. dxc7 Re8 26. Rd1 Bb5 27. Rd8
1-0

[Event "27th CRO-Cup"]
[Site "Mali Losinj"]
[Date "2018.05.17"]
[Round "2.104"]
[White "Petrovic, Neven"]
[Black "Bojanic, Borislav"]
[Result "1/2-1/2"]
[WhiteElo "1888"]
[BlackElo "1914"]
[PlyCount "93"]
[EventDate "2018.05.16"]

1. e4 c5 2. Nf3 Nc6 3. d4 cxd4 4. Nxd4 g6 5. Bc4 Bg7 6. c3 Nf6 7. Nd2 O-O 8.
O-O Qb6 9. Nxc6 bxc6 10. Re1 d5 11. Bb3 e6 12. e5 Nd7 13. Nf3 Qc7 14. Bf4 Bb7
15. Rc1 c5 16. Qd2 Qa5 17. a3 Rad8 18. Bg5 Rc8 19. Bh6 Qb6 20. Bxg7 Kxg7 21.
Ba4 Bc6 22. Bxc6 Qxc6 23. h4 h6 24. Re2 Rce8 25. Rce1 Re7 26. Nh2 f5 27. Qf4 c4
28. Nf3 Nc5 29. Nd4 Qb6 30. Rd1 Nd3 31. Qf3 Qc7 32. Rxd3 cxd3 33. Qxd3 Qc4 34.
Qg3 Kh7 35. f4 a5 36. h5 Rg8 37. hxg6+ Rxg6 38. Qh4 Reg7 39. Rf2 Qd3 40. Kh2
Qe4 41. Qh3 Qe1 42. Re2 Qf1 43. Qf3 Qc1 44. Rc2 Qe1 45. Rf2 a4 46. Qe2 Qb1 47.
Qc2 1/2-1/2

[Event "27th CRO-Cup"]
[Site "Mali Losinj"]
[Date "2018.05.17"]
[Round "2.111"]
[White "Matko, Ognjen"]
[Black "Bogut, Zeljko"]
[Result "0-1"]
[WhiteElo "2305"]
[BlackElo "2416"]
[PlyCount "142"]
[EventDate "2018.05.16"]

1. e4 c5 2. c3 Qa5 3. Na3 d6 4. Nc4 Qc7 5. Nf3 Nf6 6. d3 g6 7. Bf4 Nc6 8. a4
Bg7 9. Be2 O-O 10. Qd2 e5 11. Bh6 d5 12. exd5 Nxd5 13. Bxg7 Kxg7 14. h4 h5 15.
Ng5 f6 16. Ne4 Qe7 17. g3 Be6 18. O-O Rad8 19. Qc2 g5 20. hxg5 f5 21. Ned2 Qxg5
22. Nf3 Qf6 23. Kh2 Nde7 24. Rg1 Bxc4 25. dxc4 e4 26. Nh4 Ne5 27. Rad1 N7g6 28.
Rxd8 Rxd8 29. Nxg6 Kxg6 30. Rd1 Rxd1 31. Qxd1 h4 32. Qd5 hxg3+ 33. fxg3 b6 34.
Kg2 Kg5 35. Qg8+ Ng6 36. Qh7 Qe7 37. Qh5+ Kf6 38. Qh6 Qg7 39. Qd2 Nf8 40. Qd6+
Ne6 41. Kf2 Qh6 42. Qb8 Qh2+ 43. Ke1 Qg1+ 44. Kd2 Qb1 45. Qh8+ Ke7 46. Qh7+ Kd6
47. Ke3 Qc1+ 48. Kf2 e3+ 49. Kg2 Qxb2 50. Kf1 Qb1+ 51. Kg2 Qe4+ 52. Kg1 a5 53.
Qa7 Qc6 54. Qh7 Qe4 55. Qa7 Qb1+ 56. Kg2 Qe1 57. Qxb6+ Ke7 58. Qb7+ Kf6 59. Qf3
Qxc3 60. g4 Qe5 61. gxf5 Nf4+ 62. Kh1 Nxe2 63. Qxe2 Kxf5 64. Qh5+ Ke4 65. Qg6+
Kd4 66. Qg3 e2 67. Qe1 Qe3 68. Kg2 Qg5+ 69. Kh1 Qe3 70. Kg2 Kxc4 71. Qxa5 e1=Q
0-1

[Event "27th CRO-Cup"]
[Site "Mali Losinj"]
[Date "2018.05.17"]
[Round "2.112"]
[White "Separovic, Tomislav"]
[Black "Muzina, Marin"]
[Result "1/2-1/2"]
[WhiteElo "2182"]
[BlackElo "1944"]
[PlyCount "104"]
[EventDate "2018.05.16"]

1. Nf3 d5 2. g3 Nf6 3. Bg2 c6 4. O-O Bf5 5. b3 h6 6. Bb2 Nbd7 7. d3 e6 8. Nbd2
Bc5 9. Qe1 Qc7 10. e4 dxe4 11. Nxe4 Bxe4 12. dxe4 e5 13. Rd1 O-O 14. Qe2 Rfe8
15. Nh4 Rad8 16. Nf5 Nf8 17. Qf3 Kh7 18. Bc1 Be7 19. Qe3 Ne6 20. Nxe7 Qxe7 21.
c3 Rxd1 22. Rxd1 Rd8 23. Rxd8 Qxd8 24. Qd2 Qb6 25. Qe3 Qa5 26. Qd2 Qb6 27. Qc2
c5 28. h3 c4 29. Be3 cxb3 30. axb3 Qd6 31. b4 b6 32. Qa4 Qc7 33. Qb3 Kg8 34. f3
Ne8 35. h4 Nd6 36. Bf1 Kf8 37. Kf2 Ke7 38. Bd3 b5 39. Qa3 a6 40. Qb3 Nc4 41.
Bxc4 Qxc4 42. Qa3 Qc6 43. Ke2 g5 44. hxg5 hxg5 45. g4 Nf4+ 46. Bxf4 gxf4 47.
Qa1 Qc4+ 48. Kd2 Qc6 49. Qg1 Kf6 50. Qf2 Kg5 51. Qh2 Qh6 52. Qxh6+ Kxh6 1/2-1/2

[Event "27th CRO-Cup"]
[Site "Mali Losinj"]
[Date "2018.05.17"]
[Round "2.113"]
[White "Jambrusic, Zvonimir"]
[Black "Ivankovic, Ivo"]
[Result "0-1"]
[WhiteElo "1893"]
[BlackElo "2102"]
[PlyCount "48"]
[EventDate "2018.05.16"]

1. d4 e6 2. b3 Nf6 3. Bb2 b6 4. Nf3 Bb7 5. Nbd2 Be7 6. e3 O-O 7. Bd3 c5 8. O-O
Nc6 9. a3 Qc7 10. Re1 d6 11. c4 Rfd8 12. Qc2 h6 13. Rad1 Rac8 14. e4 cxd4 15.
Nxd4 Nxd4 16. Bxd4 b5 17. Qb2 bxc4 18. Bxc4 Qb8 19. f3 d5 20. exd5 Bxd5 21.
Bxd5 Rxd5 22. Ne4 Rcd8 23. Rd2 Nxe4 24. fxe4 Rxd4 0-1

[Event "27th CRO-Cup"]
[Site "Mali Losinj"]
[Date "2018.05.17"]
[Round "2.114"]
[White "Bender, Zdenko"]
[Black "Crnjakovic, Martin"]
[Result "1-0"]
[WhiteElo "2047"]
[BlackElo "1811"]
[PlyCount "79"]
[EventDate "2018.05.16"]

1. e4 c5 2. Nf3 g6 3. h4 h6 4. Nc3 Nc6 5. Bc4 Bg7 6. d3 d6 7. Bb3 Bg4 8. Ne2 b5
9. Bd5 Rc8 10. a4 b4 11. Nh2 Bxe2 12. Kxe2 Nd4+ 13. Kf1 e6 14. Bb7 Rc7 15. Ba6
Qxh4 16. a5 Ne7 17. g3 Qh3+ 18. Kg1 h5 19. c3 bxc3 20. bxc3 Nec6 21. Bb2 e5 22.
cxd4 exd4 23. Nf3 Qd7 24. Bb5 O-O 25. Nd2 Rb8 26. Bxc6 Qxc6 27. Nc4 d5 28. exd5
Qxd5 29. Qe2 Rcb7 30. Re1 Rb3 31. Bc1 Qf5 32. Rd1 Rc3 33. Bf4 Rbb3 34. Qe8+ Kh7
35. Nd6 Qg4 36. Kh2 Rxd3 37. Rxd3 Rxd3 38. Nxf7 h4 39. Ng5+ Kh6 40. Kg2 1-0

[Event "27th CRO-Cup"]
[Site "Mali Losinj"]
[Date "2018.05.17"]
[Round "2.121"]
[White "Bodiroga, Predrag"]
[Black "Novak, Ratko"]
[Result "1/2-1/2"]
[WhiteElo "2332"]
[BlackElo "2158"]
[PlyCount "78"]
[EventDate "2018.05.16"]

1. d4 Nf6 2. Nf3 d5 3. c4 e6 4. Bg5 Be7 5. Nc3 O-O 6. e3 b6 7. Qc2 Bb7 8. Bxf6
Bxf6 9. Bd3 g6 10. cxd5 exd5 11. h4 c5 12. h5 c4 13. Be2 Nc6 14. hxg6 hxg6 15.
O-O-O Kg7 16. e4 dxe4 17. Qd2 Rh8 18. Rxh8 Qxh8 19. Nxe4 Na5 20. Nxf6 Kxf6 21.
Qf4+ Kg7 22. Ng5 Rf8 23. d5 Bc8 24. g3 Qh6 25. Bf3 f6 26. Ne6+ Bxe6 27. Qxh6+
Kxh6 28. dxe6 Re8 29. Bd5 f5 30. Kc2 Kg5 31. Kc3 Kf6 32. Re1 Ke7 33. Rh1 Kd6
34. Kd4 Rc8 35. Rh6 Rc5 36. Bg2 Re5 37. Rxg6 Re2 38. Kc3 Rxf2 39. Ba8 Re2
1/2-1/2

[Event "27th CRO-Cup"]
[Site "Mali Losinj"]
[Date "2018.05.17"]
[Round "2.122"]
[White "Spiranec, Noemi"]
[Black "Santa, Robert"]
[Result "0-1"]
[WhiteElo "1946"]
[BlackElo "2174"]
[PlyCount "120"]
[EventDate "2018.05.16"]

1. d4 Nf6 2. c4 g6 3. Nc3 Bg7 4. e4 d6 5. Bd3 e5 6. d5 O-O 7. Nge2 Na6 8. Bb1
c6 9. O-O cxd5 10. cxd5 Bd7 11. h3 Qc7 12. Be3 b5 13. a3 Nc5 14. b4 Na4 15. Qd3
Nxc3 16. Nxc3 a6 17. Rc1 Qb7 18. Ra2 a5 19. bxa5 Rxa5 20. Ne2 Ra4 21. f3 Rfa8
22. Bc2 Rc4 23. Rb1 Qc8 24. Qb3 Rc7 25. Bd3 Rb7 26. Nc3 Rab8 27. Qb4 Bf8 28.
Rab2 Nh5 29. Ne2 f5 30. Qd2 f4 31. Bf2 g5 32. g4 Nf6 33. Nc3 h5 34. Nxb5 hxg4
35. hxg4 Bxg4 36. Na7 Rxb2 37. Rxb2 Rxb2 38. Qxb2 Qd7 39. Bb5 Qh7 40. fxg4 Nxg4
41. Bb6 Qxe4 42. Qe2 Qb1+ 43. Kg2 Nf6 44. Bd8 e4 45. Qf1 Qb2+ 46. Qf2 f3+ 47.
Kg1 Qc1+ 48. Qf1 Qf4 49. Bxf6 Qxf6 50. Nc6 g4 51. Qf2 Bh6 52. Nd4 e3 53. Qb2
Bg7 54. Bd7 Qxd4 55. Qb8+ Bf8 56. Be6+ Kg7 57. Qb4 Qxb4 58. axb4 e2 59. Kf2 g3+
60. Ke1 g2 0-1

[Event "27th CRO-Cup"]
[Site "Mali Losinj"]
[Date "2018.05.17"]
[Round "2.123"]
[White "Komljenovic, Tihomir"]
[Black "Kelemen, Miljenko"]
[Result "0-1"]
[WhiteElo "2041"]
[BlackElo "1961"]
[PlyCount "72"]
[EventDate "2018.05.16"]

1. e4 c5 2. Nc3 Nc6 3. g3 g6 4. Bg2 Bg7 5. d3 e6 6. Be3 Nd4 7. Qd2 Ne7 8. Nd1
d6 9. c3 Ndc6 10. h4 Ne5 11. f3 h5 12. Nf2 Rb8 13. Ne2 b5 14. f4 Nd7 15. O-O
O-O 16. d4 Qc7 17. dxc5 Nxc5 18. Rad1 Rd8 19. Nd3 Nxd3 20. Qxd3 a5 21. e5 Nf5
22. Bf2 Bb7 23. exd6 Rxd6 24. Qc2 Bxg2 25. Kxg2 Qc6+ 26. Kg1 Rbd8 27. a3 b4 28.
axb4 axb4 29. Rxd6 Rxd6 30. Rd1 Rxd1+ 31. Qxd1 Qf3 32. cxb4 Bxb2 33. Qd2 Bf6
34. b5 e5 35. Kf1 e4 36. Qd5 Ne3+ 0-1

[Event "27th CRO-Cup"]
[Site "Mali Losinj"]
[Date "2018.05.17"]
[Round "2.124"]
[White "Hanjs, Vladimir"]
[Black "Blaga, Marijan"]
[Result "0-1"]
[WhiteElo "1796"]
[BlackElo "1993"]
[PlyCount "92"]
[EventDate "2018.05.16"]

1. e4 c5 2. Nf3 Nc6 3. d4 cxd4 4. Nxd4 d6 5. Nc3 g6 6. Be3 Bg7 7. Qd2 Nf6 8. f3
a6 9. Bc4 Na5 10. Bb3 Bd7 11. O-O-O h5 12. Kb1 b5 13. Nd5 Nxb3 14. Nxf6+ Bxf6
15. Nxb3 Qc7 16. Bd4 Bxd4 17. Qxd4 f6 18. Rhe1 Be6 19. Nc1 Rc8 20. Rd2 Kf7 21.
Nd3 Qa5 22. Nc1 Rc4 23. Qe3 Kg7 24. Nb3 Qc7 25. Nd4 Bf7 26. f4 Rc8 27. f5 g5
28. Qf2 Qc5 29. Nb3 Qe5 30. g3 Rxe4 31. Rxe4 Qxe4 32. Re2 Qh1+ 33. Re1 Qb7 34.
Qe2 Rc7 35. Qe4 Qxe4 36. Rxe4 Bxb3 37. axb3 Kf7 38. h3 Rc5 39. g4 h4 40. Kc1
Re5 41. Rd4 Re3 42. Rd3 Rxd3 43. cxd3 e6 44. fxe6+ Kxe6 45. Kd2 f5 46. gxf5+
Kxf5 0-1

[Event "27th CRO-Cup"]
[Site "Mali Losinj"]
[Date "2018.05.17"]
[Round "2.131"]
[White "Popovic, Ivo"]
[Black "Mrdja, Milan"]
[Result "1/2-1/2"]
[WhiteElo "2142"]
[BlackElo "2296"]
[PlyCount "61"]
[EventDate "2018.05.16"]

1. Nf3 Nf6 2. g3 g6 3. Bg2 Bg7 4. O-O O-O 5. d3 d5 6. c3 c5 7. Nbd2 Nc6 8. e4
e5 9. Qa4 dxe4 10. Nxe4 Nxe4 11. dxe4 Qc7 12. Be3 b6 13. Rad1 Bd7 14. Qc2 Rac8
15. Rd2 h6 16. Nh4 Be6 17. f4 exf4 18. gxf4 Qe7 19. Bf2 Bg4 20. h3 Bh5 21. e5
Rfd8 22. Re1 Rxd2 23. Qxd2 Qe6 24. Qd6 Bf8 25. Qxe6 fxe6 26. Re3 Kf7 27. Rd3
Rd8 28. Rxd8 Nxd8 29. Be4 Kg7 30. Nf3 Nf7 31. Bh4 1/2-1/2

[Event "27th CRO-Cup"]
[Site "Mali Losinj"]
[Date "2018.05.17"]
[Round "2.132"]
[White "Cupic, Lovro"]
[Black "Miskovic, Bozo"]
[Result "1-0"]
[WhiteElo "2231"]
[BlackElo "2027"]
[PlyCount "111"]
[EventDate "2018.05.16"]

1. e4 c6 2. d4 d5 3. Nc3 dxe4 4. Nxe4 Bf5 5. Ng3 Bg6 6. Nf3 e6 7. h4 h6 8. Ne5
Bh7 9. Qh5 Qe7 10. Bd3 Bxd3 11. Nxd3 Nf6 12. Qe2 Nbd7 13. Bd2 Qd6 14. c3 Be7
15. O-O-O Qd5 16. Kb1 O-O-O 17. f3 Qb5 18. Rc1 Nb6 19. Ne5 Qxe2 20. Nxe2 Rhf8
21. g4 Nfd7 22. Bf4 Nxe5 23. Bxe5 f6 24. Bh2 Nc4 25. Nf4 Kd7 26. b3 Nd2+ 27.
Kc2 Nxf3 28. Ng6 Nxh2 29. Nxf8+ Rxf8 30. Rxh2 f5 31. gxf5 exf5 32. h5 Bg5 33.
Rf1 Ke6 34. Re2+ Kf6 35. Kd3 Rf7 36. Re5 g6 37. c4 f4 38. Ke4 Rd7 39. hxg6 Kxg6
40. Re6+ Kf7 41. d5 cxd5+ 42. cxd5 Rc7 43. Rf3 Rc2 44. a4 Re2+ 45. Kf5 Rd2 46.
Ke5 Re2+ 47. Kd6 Rd2 48. Rc3 Rd1 49. Rc7+ Kf8 50. Re5 Rd3 51. Rf5+ Kg8 52. Rxb7
a5 53. Ke6 Re3+ 54. Re5 Rd3 55. Kf5 Kf8 56. Kg6 1-0

[Event "27th CRO-Cup"]
[Site "Mali Losinj"]
[Date "2018.05.17"]
[Round "2.133"]
[White "Cecuk, Marijo"]
[Black "Glazar, Domagoj"]
[Result "0-1"]
[WhiteElo "2037"]
[BlackElo "2133"]
[PlyCount "68"]
[EventDate "2018.05.16"]

1. e4 e5 2. Nf3 Nc6 3. Bc4 Nf6 4. d3 Be7 5. O-O O-O 6. c3 d5 7. exd5 Nxd5 8.
Nbd2 a6 9. a4 Nb6 10. a5 Nxc4 11. Nxc4 Bf6 12. Re1 Re8 13. Ne3 Be6 14. Qc2 Qd7
15. Rd1 Rad8 16. b3 Bf5 17. Nxf5 Qxf5 18. Bb2 Rd5 19. b4 Red8 20. Ne1 Ne7 21.
Qe2 Ng6 22. g3 h5 23. h4 R5d6 24. Bc1 Bxh4 25. gxh4 Nxh4 26. Be3 Qh3 27. Qxh5
Rg6+ 28. Qxg6 Nxg6 29. Ng2 f5 30. Bg5 Rxd3 31. Rxd3 Qxd3 32. Rc1 f4 33. Ne1 Qf5
34. Bd8 Qd7 0-1

[Event "27th CRO-Cup"]
[Site "Mali Losinj"]
[Date "2018.05.17"]
[Round "2.134"]
[White "Gujic, Vladimir"]
[Black "Saric, Branko"]
[Result "0-1"]
[WhiteElo "2073"]
[BlackElo "1865"]
[PlyCount "88"]
[EventDate "2018.05.16"]

1. d4 d6 2. Nf3 Nd7 3. c4 Ngf6 4. Nc3 e5 5. e4 Be7 6. Be2 O-O 7. O-O c6 8. Qc2
h6 9. Rd1 Qc7 10. h3 b6 11. Be3 a5 12. d5 Bb7 13. dxc6 Bxc6 14. Nd5 Bxd5 15.
exd5 Rac8 16. Rac1 Nc5 17. Nh2 Qd7 18. Nf1 Nh7 19. Ng3 f5 20. Bxc5 Rxc5 21. Qb3
Bd8 22. Bh5 Qe7 23. Qd3 Qg5 24. Be2 e4 25. Qb1 Nf6 26. Rc3 Nd7 27. Qc1 Qg6 28.
Bh5 Qh7 29. Qc2 Ne5 30. b3 Bf6 31. Ne2 g6 32. Rg3 Kh8 33. f4 gxh5 34. fxe5 Bxe5
35. Re3 Qg7 36. Kh1 b5 37. Rf1 Qg5 38. Rxe4 Rg8 39. Nc3 fxe4 40. Nxe4 Qg6 41.
Qe2 Rc7 42. cxb5 Rf7 43. Rxf7 Qxf7 44. Qd2 Qf1# 0-1